000 00969nam0a22002531 4500
001 rc\3249780
005 20260406165249.0
021 _aRU
_bРг4342-75
021 _aRU
_b74-94049
035 _a(NLR Aleph) 007380648
090 _a6504468
_c6504468
100 _a20130115d1974 |||y0rusy50 ca
101 0 _arus
102 _aRU
105 _ay z |||||
200 1 _aЧисленность породного скота и птицы в колхозах, совхозах и других государственных хозяйствах на 1 января 1974 года
_fЦСУ при Совете Министров ЭССР (ЦСУ ЭССР)
210 _aТаллин
_cБ. и.
_d1974
215 _a87 с.
_d20
712 0 1 _aЭССР
_bЦентральное статистическое управление
_3RU\NLR\AUTH\889936659
_9368122
801 0 _aRU
_bNLR
_gpsbo
801 1 _aRU
_bELAR
_2rusmarc
852 _aNLR
_j74-4/37158
942 _cBOOK
980 _aNB